| 000 | 00890nam a2200253 i 4500 | ||
|---|---|---|---|
| 001 | 173016 | ||
| 003 | ES-MaACL | ||
| 005 | 20230906215115.0 | ||
| 008 | 091005s2003 fr |||| | fre d | ||
| 020 | _a2-251-79970-2 | ||
| 080 | _a186.4 | ||
| 100 | 0 |
_aJuliano _cEmperador de Roma. _967242 |
|
| 245 | 1 | 0 |
_aMisopogon / _cJulien ; texte établi et traduit par Ch. Lacombrade ; introduction, notes par Aude de Saint-Loup. |
| 260 |
_aParis : _bLes Belles Lettres, _c2003. |
||
| 300 |
_aXXXI, 94 p. ; _c18 cm. |
||
| 490 | 1 |
_aClassiques en poche ; _v63 |
|
| 500 | _aCronología. | ||
| 546 | _aTexto griego y traducción en francés. | ||
| 700 | 1 |
_aLacombrade, Christian. _9141448 |
|
| 700 | 1 |
_aSaint-Loup, Aude de. _9141449 |
|
| 830 | 0 |
_aClassiques en poche ; _v63 _9189037 |
|
| 852 | 4 |
_aES-MaACL _jE-13002 _9R.139375 . - _zBiblioteca Jacinto Martínez Lacalle |
|
| 999 |
_c173016 _d173016 |
||